| 000 -CABECERA |
| fixed length control field |
01358nam a22002897a 4500 |
| 003 - IDENTIFICADOR DEL NÚMERO DE CONTROL |
| control field |
AR-CdUCM |
| 008 - DATOS DE LONGITUD FIJA--INFORMACIÓN GENERAL |
| fixed length control field |
190325b ||||| |||| 00| 0 spa d |
| 040 ## - FUENTE DE LA CATALOGACIÓN |
| Agencia/entidad que catalogó originalmente la obra |
MUNICIPALIDAD PROVINCIAL DEL CUSCO |
| Entidad que transcribió la catalogación |
BIBLIOTECA MUNICIPAL DEL CUSCO |
| 082 ## - NÚMERO DE LA CLASIFICACIÓN DECIMAL DEWEY |
| No. de Clasificación |
615.30/V21 |
| Notacion interna |
V21 |
| 100 ## - ENTRADA PRINCIPAL--NOMBRE DE PERSONA |
| Nombre Personal |
Valenzuela Huamán, César Joe |
| 245 ## - MENCIÓN DE TÍTULO |
| Título |
Toxicología clínica y Química legal I / |
| 260 ## - PUBLICACIÓN, DISTRIBUCIÓN, ETC. |
| Lugar de publicación, distribución, etc. |
Cusco ; |
| Nombre de la editorial, distribuidor, etc. |
Universitaria, |
| Fecha de publicación, distribución, etc. |
2018. |
| 300 ## - DESCRIPCIÓN FÍSICA |
| Nº de Páginas Extensión |
204 Páginas. : |
| Dimensiones |
20 cm. |
| 505 ## - NOTA DE CONTENIDO CON FORMATO |
| Nota de contenido formateada |
Contenido: Evolución de la Toxicología definiciones clases de tóxicos relación dosis respuesta -- Toxicocinetica mecanismos de absorción distribución y eliminación -- Tratamiento general de intoxicación y antidotísmo -- Experimentación Toxicológica -- Intoxicación por medicamentos -- Intoxicación con metales pesados -- Intoxicación por Internet, Redes Sociales y uso constante de celulares, Laptops y otros ... |
| 650 ## - PUNTO DE ACCESO ADICIONAL DE MATERIA--TÉRMINO DE MATERIA |
| Descriptor |
Toxicologia |
| 9 (RLIN) |
21812 |
| 650 ## - PUNTO DE ACCESO ADICIONAL DE MATERIA--TÉRMINO DE MATERIA |
| Descriptor |
Medicina |
| 9 (RLIN) |
3637 |
| 650 ## - PUNTO DE ACCESO ADICIONAL DE MATERIA--TÉRMINO DE MATERIA |
| Descriptor |
Toxicidad |
| 9 (RLIN) |
22334 |
| 650 ## - PUNTO DE ACCESO ADICIONAL DE MATERIA--TÉRMINO DE MATERIA |
| Descriptor |
Intoxicación médica |
| 9 (RLIN) |
44391 |
| 650 ## - PUNTO DE ACCESO ADICIONAL DE MATERIA--TÉRMINO DE MATERIA |
| Descriptor |
Intoxicación |
| 9 (RLIN) |
44392 |
| 650 ## - PUNTO DE ACCESO ADICIONAL DE MATERIA--TÉRMINO DE MATERIA |
| Descriptor |
Redes Sociales |
| 9 (RLIN) |
44393 |
| 700 ## - PUNTO DE ACCESO ADICIONAL--NOMBRE DE PERSONA |
| Nombre Personal |
Moreyra Pachas, Carlos Alberto |
| 9 (RLIN) |
44394 |
| 700 ## - PUNTO DE ACCESO ADICIONAL--NOMBRE DE PERSONA |
| Nombre Personal |
Dueñas Aragón, Marley |
| 9 (RLIN) |
44395 |
| 700 ## - PUNTO DE ACCESO ADICIONAL--NOMBRE DE PERSONA |
| Nombre Personal |
Velasque Rojas, Lida |
| 9 (RLIN) |
44396 |
| 700 ## - PUNTO DE ACCESO ADICIONAL--NOMBRE DE PERSONA |
| Nombre Personal |
Valenzuela Huamán, Nelly Melinda |
| 9 (RLIN) |
44397 |
| 942 ## - ELEMENTOS DE PUNTO DE ACCESO ADICIONAL (KOHA) |
| Fuente de clasificación |
|
| Tipo de item |
Libros-BMC |
| 945 ## - PROCESAMIENTO DE INFORMACIÓN LOCAL (OCLC) |
| Catalogador |
Roel |